[Event "Gausdal Int"]
[Site "Gausdal"]
[Date "1992.??.??"]
[Round "5"]
[White "Savchenko, Stanislav"]
[Black "Brestian, Egon"]
[Result "1/2-1/2"]
[WhiteElo "2505"]
[BlackElo "2450"]

1.d4 d5 2.c4 e6 3.Nf3 Nf6 4.g3 Be7 5.Bg2 O-O 6.Nc3 c5 7.cxd5 Nxd5 8.O-O cxd4
9.Nxd5 exd5 10.Nxd4 Nc6 11.Be3 Bf6 12.Rc1 Bxd4 13.Bxd4 Be6 14.Qd3 Nxd4 15.Qxd4 Qa5
16.a3 Rac8 17.Rfd1 Rc6 18.Bf3 Rfc8 19.Rxc6 bxc6 20.Kg2 h6 21.Rd3 Qb6 22.Qe5 Qc7
23.Qc3 Qb6 24.b4 Ra8 25.e4 Qb5 26.exd5 cxd5 27.Qd2 Qa4 28.h4 Rd8 29.h5 d4
30.Rxd4 Rxd4 31.Qxd4 Qxa3 32.g4 f5 33.Qe5 Bf7 34.Qb8+ Kh7 35.gxf5 Qc1 36.Qg3 Qc4
37.Qg4 Qxg4+ 38.Bxg4 Kg8 39.Kf3 Kf8 40.Ke4 Ke7 41.Ke5 Bb3 42.Bf3 Bf7 43.Be2 Bb3
44.Kd4 Kd6 45.Bc4 Bxc4 46.Kxc4 Ke5 47.Kb5 Kxf5 48.Ka6 g6 49.hxg6 Kxg6 50.Kxa7 h5
51.b5 h4 52.b6 h3 53.b7 h2 54.b8=Q h1=Q 55.Qe5 Qc6 56.f4 Qf6 57.Qe4+ Qf5  1/2-1/2

[Event "Arnold Cup"]
[Site "Gausdal"]
[Date "1992.??.??"]
[Round "9"]
[White "Nielsen, Peter Heine"]
[Black "Grotnes, Nils"]
[Result "1-0"]
[WhiteElo "2405"]
[BlackElo "2345"]

1.d4 d5 2.c4 e6 3.Nf3 Nf6 4.g3 Be7 5.Bg2 O-O 6.Nc3 Nbd7 7.Ne5 dxc4 8.Nxc4 c5
9.O-O cxd4 10.Qxd4 Bc5 11.Qd1 Nb6 12.Nxb6 Bxb6 13.Bf4 a6 14.Qb3 Bc7 15.Rfd1 Nd7
16.Bxc7 Qxc7 17.Rac1 Qb6 18.Qa3 Rb8 19.Ne4 Qb5 20.Nd6 Qxe2 21.Bf3 Qe5 22.Nxc8  1-0

[Event "Geneve op"]
[Site "Geneve"]
[Date "1992.??.??"]
[Round "4"]
[White "Summermatter, Daniel"]
[Black "Atlas, Valeri"]
[Result "0-1"]
[WhiteElo "2360"]
[BlackElo "2435"]

1.d4 e6 2.g3 Nf6 3.Bg2 d5 4.Nf3 Be7 5.c4 O-O 6.O-O c6 7.Nc3 b6 8.Ne5 Bb7
9.e4 Na6 10.Qa4 Qe8 11.Bg5 Rd8 12.exd5 cxd5 13.Qxe8 Rfxe8 14.Bxf6 gxf6 15.Ng4 Nc7
16.Rfd1 Ba8 17.cxd5 Nxd5 18.Nxd5 Bxd5 19.Ne3 Bxg2 20.Kxg2 Rd7 21.d5 Red8
22.dxe6 fxe6 23.g4 Rd2 24.Kf3 Bc5 25.Rxd2 Rxd2 26.Rb1 Bd4 27.Rc1 a5 28.Rc8+ Kf7
29.Rc7+ Kg6 30.h4 h5 31.gxh5+ Kxh5 32.Rc6 Rxb2 33.Rxe6 Rxa2 34.Rd6 Bxe3 35.fxe3 Rb2
36.Rxf6 Kxh4 37.e4 a4 38.e5 a3 39.e6 a2 40.Rf4+ Kg5 41.Ra4 Kf6 42.Ke3 b5  0-1

[Event "Oberliga Nord N9192"]
[Site "Germany"]
[Date "1992.??.??"]
[Round "?"]
[White "Nogly, Christoph"]
[Black "Korneev, Oleg"]
[Result "0-1"]
[WhiteElo "2255"]
[BlackElo "2465"]

1.d4 Nf6 2.c4 e6 3.g3 d5 4.Bg2 Be7 5.Nf3 O-O 6.O-O dxc4 7.Nc3 Nd5 8.e4 Nxc3
9.bxc3 Nd7 10.Nd2 Nb6 11.Qe2 Bd7 12.e5 Bc6 13.Bxc6 bxc6 14.a4 c5 15.dxc5 Bxc5
16.Ne4 Be7 17.Rd1 Qe8 18.Ba3 Bxa3 19.Rxa3 a5 20.Rd4 Qe7 21.Qh5 f5 22.exf6 Qxa3
23.Ng5 Qc1+ 24.Kg2 h6 25.f7+ Kh8 26.Nxe6 Qc2 27.Rg4 Qd1 28.Qg6 Rxf7 29.Rf4 Re7
30.Nxg7 Qd5+ 31.Kh3 Qg5  0-1

[Event "Oberliga Nord N9192"]
[Site "Germany"]
[Date "1992.??.??"]
[Round "?"]
[White "Steckner, Johannes"]
[Black "Breyther, Ruediger"]
[Result "0-1"]
[WhiteElo "2315"]
[BlackElo "2325"]

1.d4 Nf6 2.c4 e6 3.g3 d5 4.Bg2 Be7 5.Nf3 O-O 6.O-O dxc4 7.Qc2 a6 8.Qxc4 b5
9.Qc2 Bb7 10.Bf4 Nc6 11.Rd1 Nb4 12.Qc1 Rc8 13.Nc3 Nbd5 14.Nxd5 Bxd5 15.Be3 c6
16.Ne1 a5 17.f3 Nd7 18.Nd3 Qb6 19.Nc5 Nxc5 20.dxc5 Qc7 21.Bf2 f5 22.e4 fxe4
23.fxe4 Bc4 24.b3 Rxf2 25.bxc4 Bxc5 26.Kh1 Qe5 27.cxb5 Rcf8 28.Qc4 cxb5 29.Qd3 h6
30.a4 Rxg2 31.Kxg2 Rf2+ 32.Kh1 Qh5 33.h4 Qg4  0-1

[Event "Oberliga Nord W9192"]
[Site "Germany"]
[Date "1992.??.??"]
[Round "?"]
[White "Kottke, Uwe"]
[Black "Bauer, Reinhard"]
[Result "0-1"]
[WhiteElo "2305"]
[BlackElo "2310"]

1.d4 d5 2.c4 e6 3.Nf3 Nf6 4.g3 Be7 5.Bg2 O-O 6.O-O dxc4 7.Qc2 c5 8.Rd1 Nc6
9.dxc5 Qa5 10.Qxc4 Qxc5 11.Na3 e5 12.Be3 Qxc4 13.Nxc4 Ng4 14.Bd2 Be6 15.Ne3 Nxe3
16.Bxe3 Rfd8 17.Rdc1 f6 18.Ne1 Bd5 19.Nd3 Bxg2 20.Kxg2 Rd7 21.Rc4 Kf7 22.b4 Rad8
23.Rac1 Nd4 24.Bxd4 Rxd4 25.f3 Rxc4 26.Rxc4 Rd7 27.Kf2 Bd8 28.Ke1 Bb6 29.Kd2 h5
30.e3 g5 31.Ke2 Ke6 32.h3 Rh7 33.a4 a6 34.a5 Bd8 35.Rc8 Kd7 36.Rc4 Be7 37.Kd2 Rh8
38.Kc3 Bd6 39.e4 g4 40.fxg4 hxg4 41.h4 Ke6 42.Nf2 Rg8 43.Nd1 f5 44.exf5+ Kxf5
45.Ne3+ Ke6 46.Kd3 Rg7 47.Nxg4 Rg6 48.Re4 Rg7 49.Ke3 Kd5 50.Nf6+ Ke6 51.Nh5 Rg8
52.g4 Be7 53.g5 Rh8 54.Ng7+ Kd5 55.Rg4 Rxh4 56.Kf3 e4+ 57.Kg3 Rxg4+ 58.Kxg4 e3
59.Kf3 Bxg5 60.Nf5 Kc4 61.Nd6+ Kd3 62.Ne4 Be7  0-1

[Event "NRW-Liga II 9192"]
[Site "Germany"]
[Date "1992.??.??"]
[Round "?"]
[White "Pieper Emden, Carsten"]
[Black "Morawietz, Dieter"]
[Result "1/2-1/2"]
[WhiteElo "2375"]
[BlackElo "2310"]

1.d4 Nf6 2.c4 e6 3.g3 d5 4.Nf3 Be7 5.Bg2 O-O 6.O-O dxc4 7.Qc2 a6 8.Qxc4 b5
9.Qc2 Bb7 10.Rd1 Qc8 11.Bg5 c5 12.dxc5 Qxc5 13.Qxc5 Bxc5 14.Bxf6 gxf6 15.Nbd2 Ra7
16.Nb3 Be7 17.Rac1 Bd5 18.Nfd4 Bxg2 19.Kxg2 f5 20.Nc6 Nxc6 21.Rxc6 a5 22.Nd4 Rd7
23.Rd3 Bf6 24.Nxe6 Rxd3 25.Nxf8 Rd2 26.Rxf6 Kxf8 27.Rxf5 Rxb2 28.a4 bxa4
29.e4 a3 30.Rxa5 a2 31.Ra7 Kg7 32.Ra6 Rb4 33.f3 Rb2+ 34.Kh3 h5 35.f4 f6 36.g4 hxg4+
37.Kxg4 Rxh2 38.Kf5 Rf2 39.Ra7+ Kf8 40.e5 fxe5 41.Kxe5 Rb2 42.f5 Kg8 43.Kf6 Rb6+
44.Kg5 Rb2 45.Kg6 Rg2+  1/2-1/2

[Event "Bundesliga 9192"]
[Site "Germany"]
[Date "1992.??.??"]
[Round "?"]
[White "Ruf, Matthias"]
[Black "Sonntag, Hans Hubert"]
[Result "1/2-1/2"]
[WhiteElo "2390"]
[BlackElo "2370"]

1.d4 d5 2.Nf3 Nf6 3.c4 e6 4.g3 Be7 5.Bg2 O-O 6.O-O dxc4 7.Qc2 a6 8.Qxc4 b5
9.Qc2 Bb7 10.Bf4 Nd5 11.Nc3 Nxf4 12.gxf4 Nd7 13.Ne4 Nf6 14.Ne5 Nxe4 15.Bxe4 Bxe4
16.Qxe4 Bd6 17.Nd3 Qh4 18.Kh1 b4 19.Rg1 a5 20.Rg3 g6 21.Rag1 Qe7 22.Rg5 a4
23.Rb5 Qd7 24.Rb7 Rab8 25.Rc1 Qc8 26.Rxb8 Qxb8 27.Ne5 Qb5 28.Nc4 Rb8 29.e3 Bf8
30.b3 axb3 31.axb3 c5 32.dxc5 Qxc5 33.Qe5 Qc6+ 34.Kg1  1/2-1/2

[Event "Bundesliga 9192"]
[Site "Germany"]
[Date "1992.??.??"]
[Round "?"]
[White "Podzielny, Karl Heinz"]
[Black "Koelle, Arthur"]
[Result "1-0"]
[WhiteElo "2455"]
[BlackElo "2240"]

1.d4 e6 2.g3 d5 3.Bg2 Nf6 4.Nf3 Be7 5.c4 O-O 6.O-O c5 7.cxd5 exd5 8.Nc3 Nc6
9.dxc5 Bxc5 10.Bg5 d4 11.Bxf6 Qxf6 12.Nd5 Qd8 13.Nd2 a6 14.Rc1 Ba7 15.Nf4 Rb8
16.Be4 Re8 17.Qc2 h6 18.a3 Qe7 19.Bd5 Bg4 20.Rfe1 Rbc8 21.Qa4 Bd7 22.Qb3 b5
23.Ne4 Ne5 24.Qb4 Qxb4 25.axb4 Kf8 26.Ra1 Rc2 27.Rxa6 Bb8 28.Nc5 Bf5 29.Rd1 Rxb2
30.Rxd4 Ng4 31.h3 Nf6 32.Bc6 Be5 33.Rd1 Rc8 34.Nfd3 Rxe2 35.Bf3 Bxd3 36.Nxd3 Rcc2
37.Kf1 Ne4 38.Bxe2  1-0

[Event "Bundesliga 9192"]
[Site "Germany"]
[Date "1992.??.??"]
[Round "?"]
[White "Maiwald, Jens Uwe"]
[Black "Ruf, Matthias"]
[Result "0-1"]
[WhiteElo "2340"]
[BlackElo "2395"]

1.d4 Nf6 2.c4 e6 3.g3 d5 4.Nf3 Be7 5.Bg2 O-O 6.O-O c6 7.Qc2 Nbd7 8.Bf4 Ne4
9.Nc3 g5 10.Bc1 f5 11.Ne5 Nxe5 12.dxe5 Qc7 13.f4 b6 14.Nxe4 dxe4 15.Be3 c5
16.Qc3  0-1

[Event "Bundesliga 9192"]
[Site "Germany"]
[Date "1992.??.??"]
[Round "?"]
[White "Liebert, Heinz"]
[Black "Pohl Kuemmel, Jens Uwe"]
[Result "1/2-1/2"]
[WhiteElo "2395"]
[BlackElo "2245"]

1.c4 Nf6 2.Nf3 e6 3.g3 d5 4.d4 Be7 5.Bg2 O-O 6.O-O dxc4 7.Qc2 a6 8.Qxc4 b5
9.Qc2 Bb7 10.Bf4 Nd5 11.Nc3 Nxf4 12.gxf4 Nd7 13.Ne4 g6 14.Rfd1 Bxe4 15.Qxe4 Rb8
16.Rac1 Rb6 17.Qc2 Bd6 18.e3 Qe7 19.Ne5 Nb8 20.Qc3 Rd8 21.Nd3 Qh4 22.h3 Nd7
23.Nc5 Nf6 24.Nb7 Rb8 25.Nc5 Rd8 26.Qc2 Nd5 27.Qe2 Kg7 28.Qg4 Qe7 29.Qg5 Qxg5
30.fxg5 Be7 31.h4 h6 32.Bxd5 Rxd5 33.f4 hxg5 34.hxg5 Bxc5 35.Rxc5 Rxc5 36.dxc5 Rc6
37.b4 Kf8 38.Kf2 Ke7 39.Kf3 a5 40.a3 Ra6 41.Ke4 axb4 42.axb4 Ra4 43.Rd4 Ra6
44.Ke5 Ra3 45.e4 Rc3 46.f5 gxf5 47.exf5 exf5 48.Kxf5 Rc1 49.Ke5 c6 50.Rd6 Re1+
51.Kf5 Rf1+  1/2-1/2

[Event "BL2-N9192"]
[Site "Germany"]
[Date "1992.??.??"]
[Round "?"]
[White "Konopka, Michal"]
[Black "Cladouras, Panagiotis"]
[Result "1-0"]
[WhiteElo "2360"]
[BlackElo "2365"]

1.Nf3 Nf6 2.c4 e6 3.g3 d5 4.d4 Be7 5.Bg2 O-O 6.O-O dxc4 7.Qc2 a6 8.Qxc4 b5
9.Qc2 Bb7 10.Bg5 Nbd7 11.Bxf6 Nxf6 12.Nbd2 Rc8 13.Nb3 Be4 14.Qc3 Nd5 15.Qd2 c5
16.Nxc5 Bxc5 17.dxc5 Rxc5 18.Rac1 Rxc1 19.Rxc1 Qa8 20.Qd4 Nf6 21.Rc7 Qd5
22.Qxd5 Bxd5 23.a3 Bc4 24.Kf1 Rd8 25.Ke1 Bd5 26.Bh3 Ne8 27.Ra7 Ra8 28.Rxa8 Bxa8
29.Kd2 Kf8 30.Kc3 Ke7 31.Kb4 Nd6 32.Nd2 Kd7 33.Ka5 Bb7 34.Kb6 Kc8 35.Bg4 Kb8
36.Bf3 Nc8+ 37.Kc5 Kc7 38.Bxb7 Kxb7 39.Ne4 f6 40.Nd6+ Nxd6 41.Kxd6 e5 42.b4  1-0

[Event "Bundesliga 9192"]
[Site "Germany"]
[Date "1992.??.??"]
[Round "?"]
[White "Gruen, Peter"]
[Black "Pfleger, Helmut"]
[Result "0-1"]
[WhiteElo "2375"]
[BlackElo "2495"]

1.d4 d5 2.c4 e6 3.Nf3 Nf6 4.g3 Be7 5.Bg2 O-O 6.O-O c6 7.Qc2 b6 8.Rd1 Bb7
9.b3 Nbd7 10.Nc3 Rc8 11.e4 dxe4 12.Nxe4 Nxe4 13.Qxe4 Nf6 14.Qe2 Qc7 15.Bf4 Bd6
16.Ne5 Nd7 17.c5 Bxe5 18.cxb6 axb6 19.dxe5 c5 20.Rd6 Nb8 21.Rad1 Bxg2 22.Kxg2 Nc6
23.Rd7 Qb8 24.R1d6 Rc7 25.Rxc7 Qxc7 26.Qb5 Rc8 27.a4 h6 28.h4 Qb7 29.Kh2 g5
30.Be3 Nxe5 31.Qxb6 Nf3+ 32.Kh3 Qe4 33.Rd8+ Kg7 34.Rxc8 g4+ 35.Kg2 Nxh4+
36.Kf1 Qd3+ 37.Kg1 Qd1+  0-1

[Event "NRW-Liga I 9192"]
[Site "Germany"]
[Date "1992.??.??"]
[Round "?"]
[White "Sicherl, Peter"]
[Black "Blaskowski, Johannes"]
[Result "1/2-1/2"]
[WhiteElo "2230"]
[BlackElo "2285"]

1.Nf3 d5 2.d4 Nf6 3.c4 e6 4.g3 Be7 5.Bg2 O-O 6.O-O Nbd7 7.Qc2 b6 8.cxd5 Nxd5
9.a3 Bb7 10.e4 N5f6 11.Nc3 a5 12.Rd1 c6 13.Bf4 Re8 14.Rac1 Rc8 15.Qb1 h6
16.h3 Bf8 17.Nd2 Ba6 18.b4 Qe7 19.b5 cxb5 20.Nxb5 Rxc1 21.Rxc1 Bxb5 22.Qxb5 Qxa3
23.Rc7 g5 24.Be3 Qd6 25.Rb7 e5 26.Nc4 Qb4 27.Qxb4 axb4 28.dxe5 Nxe5 29.Nxe5 Rxe5
30.Bd4 Re7 31.Rxb6 Nxe4 32.Rxb4 Rd7 33.Ra4 Nxg3 34.fxg3 Rxd4 35.Rxd4 Bc5
36.Be4 Bxd4+  1/2-1/2

[Event "BL2-W9192"]
[Site "Germany"]
[Date "1992.??.??"]
[Round "?"]
[White "Hausner, Ivan"]
[Black "Heil, Siegfried"]
[Result "1-0"]
[WhiteElo "2410"]
[BlackElo "2370"]

1.d4 Nf6 2.c4 e6 3.g3 d5 4.Nf3 Be7 5.Bg2 O-O 6.O-O dxc4 7.Nc3 c5 8.dxc5 Qa5
9.Qd4 Qxc5 10.Qxc5 Bxc5 11.Ne5 Rd8 12.Bf4 Nfd7 13.Rad1 f6 14.Nxc4 e5 15.Bc1 Nc6
16.Ne4 Be7 17.Ned6 Nc5 18.Bxc6 bxc6 19.Nxc8 Raxc8 20.Be3 a6 21.Rc1 Ne6 22.Rfd1 Kf7
23.Rxd8 Nxd8 24.Rc3 Rb8 25.Bb6 Ne6 26.b3 c5 27.Rd3 Nd4 28.Kf1 Ke6 29.Rd1 h5
30.h4 f5 31.Bc7 Rb4 32.Ba5 Rb7 33.Bc3 Nc6 34.e3 Rb8 35.Ba5 Rb7 36.Bc3 Rb8
37.f4 exf4 38.exf4 g6 39.Ke2 Rd8 40.Rxd8 Bxd8 41.Kd3 Ne7 42.Be1 Bc7 43.Nb2 Bb6
44.Na4 Ba7 45.Kc4 Kd6 46.a3 Nc6 47.Bc3 Nd8 48.Nb2 Kc6 49.Nd3 Nf7 50.Be5 Bb6
51.a4 Ba5 52.Nxc5 Be1 53.b4 Bxg3 54.Nxa6 Nxe5+ 55.fxe5 Bxh4 56.a5 Be7 57.b5+ Kb7
58.Nc5+ Kc8 59.a6 Bxc5 60.Kxc5 h4 61.Kc6 Kb8 62.e6  1-0

[Event "BL2-S9192"]
[Site "Germany"]
[Date "1992.??.??"]
[Round "?"]
[White "Gruenenwald, Joerg"]
[Black "Steinbacher, Matthias"]
[Result "0-1"]
[WhiteElo "2330"]
[BlackElo "2335"]

1.d4 d5 2.c4 e6 3.Nf3 Nf6 4.g3 Be7 5.Bg2 O-O 6.O-O dxc4 7.Ne5 c5 8.dxc5 Qc7
9.Nxc4 Qxc5 10.Qb3 Nc6 11.Be3 Qh5 12.f3 b5 13.Ncd2 Ba6 14.Re1 Rfd8 15.Nc3 Na5
16.Qc2 Rac8 17.a3 Bc5 18.Bxc5 Qxc5+ 19.Kh1 Nd5 20.Nde4 Qb6 21.Rad1 f5 22.Ng5 Nxc3
23.bxc3 h6 24.Nh3 Nc4 25.Qb3 Kh7 26.a4 Rxd1 27.Qxd1 Nb2 28.Qd7 Nxa4 29.Nf4 Qc6
30.Qf7 Qxc3 31.Rg1 Nc5 32.g4 Qe5 33.Bh3 Qxf4 34.gxf5 Rg8 35.Qxa7 b4 36.Qxc5 Bxe2
37.fxe6 Bxf3+ 38.Bg2 Qe4 39.Qe7 Rc8 40.h3 Bxg2+ 41.Rxg2 Rc1+  0-1

[Event "Goch op"]
[Site "Goch"]
[Date "1992.??.??"]
[Round "7"]
[White "Schroeder, Wilfried"]
[Black "Mertens, F."]
[Result "1-0"]
[WhiteElo "2250"]
[BlackElo "1900"]

1.d4 d5 2.Nf3 Nf6 3.c4 e6 4.g3 Be7 5.Bg2 O-O 6.O-O b6 7.cxd5 exd5 8.Ne5 Bb7
9.Nc3 Na6 10.Qa4 c5 11.e3 Bd6 12.Rd1 Nc7 13.Nc4 b5 14.Nxb5 Bc6 15.Ncxd6 a6
16.dxc5 axb5 17.Qc2 b4 18.b3 Ra5 19.Bb2 Ne6 20.Bd4 Nd7 21.Nf5 Re8 22.Qd2 Qb8
23.Rac1 Rd8 24.Ne7+  1-0

[Event "Groningen op"]
[Site "Groningen"]
[Date "1992.??.??"]
[Round "3"]
[White "Hansen, Lars Bo"]
[Black "Blauert, Joerg"]
[Result "1/2-1/2"]
[WhiteElo "2530"]
[BlackElo "2370"]

1.Nf3 Nf6 2.c4 e6 3.g3 d5 4.d4 Be7 5.Bg2 O-O 6.O-O dxc4 7.Qc2 a6 8.Qxc4 b5
9.Qc2 Bb7 10.Bg5 Nbd7 11.Bxf6 Nxf6 12.Nbd2 Rc8 13.Nb3 c5 14.dxc5 Bd5 15.Rfd1 Bxb3
16.Qxb3 Qc7 17.a4 Bxc5 18.axb5 axb5 19.e3 Qb6 20.h3 Rfd8 21.Rxd8+ Rxd8 22.Ne5 Nd5
23.Rd1 Bd6 24.Nxf7 Kxf7 25.Bxd5 exd5 26.Rxd5 Ke7 27.Rxb5 Qc6 28.Rf5 Rf8 29.Rxf8 Kxf8
30.Qe6 Qc5 31.Qe4 h6 32.Kg2 Kf7 33.b3 Be7 34.Qb7 Qd6 35.g4 Ke6 36.Qc8+ Kf7
37.Qf5+ Bf6 38.Qf3 Qb4 39.Qd5+ Ke7 40.Kf3 Qb6 41.Qe4+ Kd6 42.Qd3+ Ke7 43.Ke2 Qa5
44.Qe4+ Kd6 45.Qf4+ Ke7 46.Qa4 Qd5 47.Qa7+ Ke6 48.Qa6+ Ke7 49.Qa7+ Ke6 50.Qa6+ Ke7
51.Qb6 Qe4 52.Qc5+ Ke6 53.b4 Qb1 54.Qc4+ Ke7 55.b5 Qb2+ 56.Kf1 Bh4 57.Qc5+ Ke6
58.Qf5+ Kd6 59.Kg2 Bf6 60.Kf3 Qb3 61.Kg3 Be5+ 62.Kg2 Qxb5 63.Qf8+ Ke6  1/2-1/2

[Event "Hamburg op"]
[Site "Hamburg"]
[Date "1992.??.??"]
[Round "3"]
[White "Steckner, Johannes"]
[Black "Korneev, Oleg"]
[Result "1/2-1/2"]
[WhiteElo "2305"]
[BlackElo "2475"]

1.d4 Nf6 2.c4 e6 3.g3 d5 4.Bg2 Be7 5.Nf3 O-O 6.O-O dxc4 7.Qc2 a6 8.Qxc4 b5
9.Qc2 Bb7 10.Bf4 Nc6 11.Nc3 Nb4 12.Qc1 Rc8 13.Rd1 Nbd5 14.Nxd5 Bxd5 15.Be3 Bd6
16.Ne1 Qe7 17.Nd3 h6 18.Rd2 c6 19.Rc2 Qb7 20.Qf1 Rc7 21.Bf4 Bxf4 22.Nc5 Qb6
23.gxf4 Bxg2 24.Qxg2 Rd8 25.e3 Nd7 26.Rac1 Nxc5 27.Rxc5 Rd5 28.b4 a5 29.a3 axb4
30.axb4 Rxc5 31.Rxc5 Qa6 32.Qe4 g6 33.Qc2 Qa3 34.Qc3 Qa2 35.Qc2 Qa1+ 36.Kg2 Qe1
37.Qc3 Qb1 38.Qa3 Kg7 39.Qc3 Kh7 40.Qa3 Rd7 41.Qa8 Rc7 42.Qb8  1/2-1/2

[Event "Helsinki op"]
[Site "Helsinki"]
[Date "1992.??.??"]
[Round "1"]
[White "Savchenko, Stanislav"]
[Black "Koskinen, Henri"]
[Result "1-0"]
[WhiteElo "2505"]
[BlackElo "2240"]

1.d4 d5 2.c4 e6 3.Nf3 Nf6 4.g3 Be7 5.Bg2 O-O 6.Nc3 dxc4 7.Ne5 Nc6 8.Bxc6 bxc6
9.Nxc6 Qe8 10.Nxe7+ Qxe7 11.Qa4 Bb7 12.O-O Bd5 13.Bg5 Qd7 14.Bxf6 Qxa4 15.Nxa4 gxf6
16.Rac1 Rfd8 17.Rfd1 Rab8 18.Rd2 Rb4 19.Nc5 f5 20.f3 Rb5 21.Rcc2 e5 22.Na4 Be6
23.Nc3 Ra5 24.dxe5 Rxd2 25.Rxd2 Rxe5 26.Rd8+ Kg7 27.Rb8 Rc5 28.Kf2 Rc6 29.Ke3 h5
30.Kd2 h4 31.gxh4 Rd6+ 32.Ke3 Bd7 33.Rb7 a6 34.Rxc7 Be6 35.Rb7 Kh6 36.a4 Rd8
37.a5 Kh5 38.Rb6 Ra8 39.Na4 Kxh4 40.Nc5 c3 41.bxc3 Bc4 42.Rb4 f4+ 43.Kxf4 Bb5
44.c4  1-0

[Event "HUN-chT"]
[Site "HUN"]
[Date "1992.??.??"]
[Round "?"]
[White "Polgar, Istvan"]
[Black "Horvath, Zoltan"]
[Result "1/2-1/2"]
[WhiteElo "2435"]
[BlackElo "2350"]

1.d4 Nf6 2.c4 e6 3.g3 d5 4.Nf3 Be7 5.Bg2 O-O 6.O-O dxc4 7.Nbd2 b5 8.a4 c6
9.axb5 cxb5 10.Ne5 Nd5 11.b3 c3 12.Ndc4 a5 13.e4 Nf6 14.Ne3 Qc7 15.Nd3 Bb7
16.e5 Nd5 17.Nxd5 Bxd5 18.Bxd5 exd5 19.f4 f5 20.Qf3 Qd7 21.e6 Qd6 22.Ba3 Qc7
23.Bxe7 Qxe7 24.Qxd5 Ra6 25.Qxb5 Qxe6 26.Rfe1 Rb6 27.Qc4 Qxc4 28.bxc4 Nc6
29.c5 Rb5 30.Ra4 Rd8 31.Rc4 Nxd4 32.Kf2 Nc2 33.Rd1 Nb4 34.Rxc3 Rxd3 35.Rdxd3 Nxd3+
36.Rxd3 Rxc5 37.Ke3 a4 38.Rd8+ Kf7 39.Ra8 Rc3+ 40.Kd4 Rc2 41.Ke5 Kg6 42.Ra6+ Kh5
43.Rxa4 Rxh2 44.Ra7 Kg6 45.Ra6+ Kh5 46.Ra7  1/2-1/2

[Event "HUN-chT"]
[Site "HUN"]
[Date "1992.??.??"]
[Round "10"]
[White "Bernei, Andras"]
[Black "Bokor, Istvan"]
[Result "1/2-1/2"]
[WhiteElo "2335"]
[BlackElo "2260"]

1.Nf3 Nf6 2.c4 e6 3.g3 d5 4.d4 Be7 5.Bg2 O-O 6.O-O b6 7.Ne5 Bb7 8.Nc3 c6
9.e4 dxc4 10.Nxc4 Nbd7 11.Re1 b5 12.Ne3 a6 13.d5 Bc5 14.dxe6 fxe6 15.f4 Qe7
16.Kh1 Rad8 17.Qe2 Bb4  1/2-1/2

[Event "HUN-chT"]
[Site "HUN"]
[Date "1992.??.??"]
[Round "11"]
[White "Horvath, Julia"]
[Black "Toth, Janos"]
[Result "0-1"]
[WhiteElo "2240"]
[BlackElo "2275"]

1.d4 Nf6 2.c4 e6 3.Nf3 d5 4.g3 Be7 5.Bg2 O-O 6.O-O Nbd7 7.b3 Ne4 8.Bb2 c6
9.Nbd2 Ndf6 10.Qc2 a5 11.a3 Qb6 12.Nxe4 Nxe4 13.Ne5 Nf6 14.c5 Qc7 15.g4 Nd7
16.f4 Nxe5 17.fxe5 f6 18.exf6 Bxf6 19.e4 Bd7 20.Rad1 Be8 21.e5 Bg6 22.Qe2 Bg5
23.Bc1 Qe7 24.Bd2 Rxf1+ 25.Rxf1 h6 26.Be1 Bh4 27.Bxh4 Qxh4 28.Rf4 Bf5 29.Qf2 Qxf2+
30.Kxf2 g5 31.Rxf5 exf5 32.gxf5 Kg7 33.Bf3 Rf8 34.f6+ Kg6 35.Kg3 b6 36.cxb6 Rb8
37.Bd1 Rxb6 38.Bc2+ Kf7 39.Kg4 Ke6 40.Bf5+ Kf7 41.Bd7 Rxb3 42.Bxc6 Ke6 43.Bxd5+ Kxd5
44.f7 h5+ 45.Kxh5 Rf3 46.Kg6 Ke6 47.d5+ Kxe5 48.Kg7 Kxd5 49.f8=Q Rxf8 50.Kxf8 Kc4
51.Kg7 Kb3 52.Kg6 Kxa3 53.Kxg5 Kb3 54.h4 a4  0-1

[Event "Huy op"]
[Site "Huy"]
[Date "1992.??.??"]
[Round "7"]
[White "Bernard, Nicolas"]
[Black "Djuric, Stefan"]
[Result "1/2-1/2"]
[WhiteElo "2240"]
[BlackElo "2535"]

1.d4 Nf6 2.Nf3 e6 3.c4 d5 4.g3 Be7 5.Bg2 O-O 6.O-O dxc4 7.Na3 c5 8.Nxc4 Nc6
9.dxc5 Bxc5 10.a3 Be7 11.b4 Nd5 12.Bb2 b5 13.Ncd2 a5 14.bxa5 Nxa5 15.Nd4 Bd7
16.Nf5  1/2-1/2

[Event "IRL-op"]
[Site "IRL"]
[Date "1992.??.??"]
[Round "?"]
[White "King, Daniel J"]
[Black "Ryan, Joseph"]
[Result "1/2-1/2"]
[WhiteElo "2505"]
[BlackElo "2300"]

1.c4 e6 2.g3 d5 3.Bg2 Nf6 4.Nf3 Be7 5.d4 O-O 6.O-O dxc4 7.Qc2 a6 8.a4 Bd7
9.Qxc4 Bc6 10.Bf4 Nbd7 11.Nc3 a5 12.Qd3 Bb4 13.Rfe1 Re8 14.Qc2 Bxf3 15.Bxf3 c6
16.Rad1 Qe7 17.Bg2 Rad8 18.h3 h6 19.Bc1 e5 20.dxe5 Nxe5 21.e4 Rxd1 22.Rxd1 Rd8
23.Kh2 Rxd1 24.Qxd1 Qd7  1/2-1/2

[Event "ISR-ch"]
[Site "ISR"]
[Date "1992.??.??"]
[Round "7"]
[White "Alterman, Boris"]
[Black "Greenfeld, Alon"]
[Result "1/2-1/2"]
[WhiteElo "2545"]
[BlackElo "2535"]

1.d4 Nf6 2.c4 e6 3.Nf3 d5 4.g3 Be7 5.Bg2 O-O 6.O-O dxc4 7.Qc2 a6 8.a4 Bd7
9.Qxc4 Bc6 10.Bg5 a5 11.Nc3 Na6 12.Rac1  1/2-1/2

[Event "ISR-ch"]
[Site "ISR"]
[Date "1992.??.??"]
[Round "10"]
[White "Mikhalevski, Alexander"]
[Black "Bruk, Ofer"]
[Result "1/2-1/2"]
[WhiteElo "2400"]
[BlackElo "2445"]

1.d4 d5 2.c4 e6 3.Nf3 Nf6 4.g3 Be7 5.Bg2 O-O 6.O-O dxc4 7.Qc2 a6 8.Nbd2 b5
9.Ng5 Ra7 10.b3 cxb3 11.Nxb3 h6 12.Nf3 Bb7 13.Rd1 Be4 14.Qb2  1/2-1/2

[Event "Karvina op"]
[Site "Karvina"]
[Date "1992.??.??"]
[Round "6"]
[White "Hudecek, Jan"]
[Black "Polak, Tomas"]
[Result "0-1"]
[WhiteElo "2305"]
[BlackElo "2405"]

1.d4 d5 2.Nf3 Nf6 3.c4 e6 4.g3 Be7 5.Bg2 O-O 6.O-O dxc4 7.Na3 Bxa3 8.bxa3 Bd7
9.Ne5 Bc6 10.Nxc6 Nxc6 11.Bb2 Nd5 12.Rb1 Nb6 13.e3 Qd6 14.Qc2 Rab8 15.Rfd1 f5
16.Bf1 Rf7 17.Bxc4 Nxc4 18.Qxc4 Ne7 19.Rdc1 Nd5 20.Qc5 Qa6 21.Ba1 Rd7 22.Qb5 Qxb5
23.Rxb5 Rd6 24.f3 Nxe3 25.Rxc7 Nd5 26.Rbxb7 Rxb7 27.Rxb7 Rc6 28.Bb2 Rc2 29.a4 g5
30.a5 a6 31.Ba3 Ne3 32.Rb3 Rg2+ 33.Kh1 Re2 34.Bb4 Nf1 35.Bd6 Nxh2 36.g4 Nf1
37.Be5 fxg4 38.fxg4 Ne3 39.Rb8+ Kf7 40.Rb7+ Kg6 41.Rg7+ Kh6 42.Re7 Nxg4 43.Rxe6+ Kh5
44.Rxa6 Kh4 45.Rb6 Nxe5 46.dxe5 Rxe5 47.Rb4+ g4 48.Rb2 Rxa5 49.Kg1 h5 50.Kg2 Kg5
51.Rc2 h4 52.Kh2 h3 53.Rb2 Kh4 54.Rc2 Rb5 55.Rc1 Rb2+ 56.Kh1 h2 57.Rc8 Kh3  0-1

[Event "Katowice op"]
[Site "Katowice"]
[Date "1992.??.??"]
[Round "3"]
[White "Tregubov, Pavel V"]
[Black "Grabuzova, Tatiana"]
[Result "1-0"]
[WhiteElo "2385"]
[BlackElo "2210"]

1.d4 e6 2.Nf3 Nf6 3.g3 d5 4.Bg2 Be7 5.c4 O-O 6.Nc3 c6 7.O-O Nbd7 8.Qc2 b6
9.b3 Ba6 10.Rd1 Rc8 11.e4 c5 12.exd5 exd5 13.cxd5 cxd4 14.Nxd4 Qc7 15.Nc6 Bd6
16.a4 Nb8 17.Nb5 Bxb5 18.axb5 a6 19.Bb2 axb5 20.Bxf6 Nxc6 21.dxc6 gxf6 22.Qf5 Rfd8
23.Rd4 Be5 24.Rg4+ Kf8 25.Re1 Qd6 26.Qxh7 Qd2 27.Qg7+  1-0

[Event "Katowice op"]
[Site "Katowice"]
[Date "1992.??.??"]
[Round "5"]
[White "Shipov, Sergei"]
[Black "Masternak, Grzegorz"]
[Result "1/2-1/2"]
[WhiteElo "2460"]
[BlackElo "2355"]

1.d4 d5 2.c4 e6 3.Nf3 Nf6 4.g3 Be7 5.Bg2 O-O 6.O-O dxc4 7.Qc2 a6 8.Qxc4 b5
9.Qc2 Bb7 10.Bg5 Nbd7 11.Bxf6 Nxf6 12.Nbd2 Rc8 13.Nb3 Be4 14.Qc3 Nd5 15.Qa5 Bb4
16.Qxa6 c6 17.Ne5 Bxg2 18.Kxg2 Ne7 19.Rfc1 f6 20.Nf3 Ra8 21.Qb7 Rb8 22.Qa7 Ra8
23.Qb7  1/2-1/2

[Event "Kecskemet2"]
[Site "Kecskemet"]
[Date "1992.??.??"]
[Round "8"]
[White "Vaulin, Alexander"]
[Black "Lyrberg, Patrik"]
[Result "1-0"]
[WhiteElo "2515"]
[BlackElo "2425"]

1.c4 Nf6 2.g3 e6 3.Bg2 d5 4.Nf3 Be7 5.d4 O-O 6.Nc3 dxc4 7.Ne5 c5 8.dxc5 Qxd1+
9.Nxd1 Bxc5 10.Bd2 Nd5 11.Nxc4 Nc6 12.Rc1 Be7 13.O-O Bd7 14.Nde3 Nxe3 15.Bxe3 Rfd8
16.Rfd1 Be8 17.Rxd8 Rxd8 18.a3 Nd4 19.Bxd4 Rxd4 20.Bxb7 Bb5 21.Ne5 f6 22.Nf3 Rd6
23.e3 e5 24.Kg2 Kf7 25.e4 Bd8 26.Bd5+ Kf8 27.Rc8 g6 28.Rb8 a6 29.h4 Ke7 30.Nd2 f5
31.Nf3 fxe4 32.Bxe4 Kf6 33.b4 Be2 34.Ra8 h6 35.Nh2 Bb6 36.Bf3 Bxf3+ 37.Nxf3 Bd4
38.Nd2 Rc6 39.Ne4+ Ke6 40.Kf3 Kd5 41.g4 Kc4 42.Ke2 Bb2 43.a4 Bd4 44.Rb8 Rb6
45.Rxb6 Bxb6 46.b5 axb5 47.Nd6+ Kd5 48.Nxb5 h5 49.f3 hxg4 50.fxg4 e4 51.h5 gxh5
52.gxh5 Ke5 53.Na3 Kf5 54.Nc4 Ba7 55.a5 Kg5 56.Nb6 Bb8 57.Nc8 Bh2 58.Ke3 Kf5
59.Ne7+ Ke5 60.Kf2 Kf6 61.Nc8  1-0

[Event "JUG-ch"]
[Site "Kladovo"]
[Date "1992.??.??"]
[Round "1"]
[White "Todorovic, Goran N"]
[Black "Jovanovic, Sasa T"]
[Result "1/2-1/2"]
[WhiteElo "2410"]
[BlackElo "2340"]

1.d4 d5 2.Nf3 Nf6 3.c4 e6 4.g3 Be7 5.Bg2 O-O 6.O-O dxc4 7.Qc2 a6 8.Qxc4 b5
9.Qc2 Bb7 10.Nbd2 Nbd7  1/2-1/2

[Event "Kobanya op"]
[Site "Kobanya op"]
[Date "1992.??.??"]
[Round "1"]
[White "Szekely, Peter"]
[Black "Borloy, Karoly"]
[Result "1-0"]
[WhiteElo "2450"]
[BlackElo "2255"]

1.Nf3 d5 2.c4 e6 3.g3 Nf6 4.Bg2 Be7 5.d4 O-O 6.Qc2 b6 7.cxd5 exd5 8.O-O Bb7
9.Nc3 Na6 10.Rd1 Qc8 11.Bf4 c5 12.Rac1 Rd8 13.Ne5 Nb4 14.Qb1 Qe6 15.Nb5 Na6
16.a3 Nd7 17.Nf3 h6 18.dxc5 bxc5 19.b4 Qb6 20.bxc5 Ndxc5 21.Nfd4 Ne6 22.Nxe6 fxe6
23.Nc7 Rac8 24.Qxb6 axb6 25.Bh3 Nc5 26.Nxe6 Re8 27.Nc7 Rxc7 28.Bxc7 Na6 29.Bxb6 Bxa3
30.Rc2 Nb4 31.Rc3 Ra8 32.Bc5 d4 33.Rxa3 Rxa3 34.Bxb4 Ra4 35.Bc5 Ba6 36.Bf1 Ra2
37.Bxd4  1-0